La Malaisie pour les touristes... - Statistiques

Statistiques générales
  • Ce quiz a été pris 34 fois
  • Le résultat moyen est 10 sur 20
Statistiques - réponses
Question Indice Réponses % Correct
Code sur les plaques minéralogiques MAL
97%
Quelle est la langue officielle ? Malais
87%
Le principal aéroport est K L Kuala Lumpur
84%
La religion majoritaire est Islam
77%
Dans la capitale quel est le décalage horaire avec Paris ? (+ ou - et chiffre) ex - 10 ou + 3,5 + 6
71%
Combien d'heures (environ) mettrez-vous pour vous y rendre ? (en chiffres) 14
68%
Quelle est la monnaie ? Ringgit
68%
Quel est le régime du pays ? M C Monarchie constitutionnelle
61%
Quelles sont les principaux lieux touristiques ? M Ville de {Malacca}
61%
Quel est le climat local ? E Equatorial
58%
Comment se nomme la principale compagnie aérienne locale A A Air Asia
52%
Le suffixe internet est my
42%
Quelles sont les principaux lieux touristiques ? P Ile de {Penang}
42%
Achats à faire 1/ Chocolat au Durian
32%
Achats à faire 4/ Sculptures en Bois
26%
Quelles sont les principaux lieux touristiques ? C H Montagnes de {Cameron Highlands}
23%
Quelles sont les principaux lieux touristiques ? G M Parc national du {Gunung Mulu}
6%
Quelles sont les principaux lieux touristiques ? S Villages du {Sarawak}
6%
Achats à faire 2/ Potion appelée Gamat
3%
Achats à faire 3/ Pantoufles Kasut Manik
0%
Aucun quiz correspondant
Distribution des résultats
% des personnes avec chaque résultat
Percentile par nombre de réponses
Votre historique - résultats
Vous n’avez pas pris ce quiz